000 00934nam a22002177a 4500
005 20260224111328.0
008 240902b ||||| |||| 00| 0 eng d
082 _aDper 647.94068 In821 April-May 2019 v. 78-79
100 _aWang, Xinrui.
_eauthor.
_959817
245 _aTourism seasonality, online user rating and hotel price :
_ba quantitative approach based on the hedonic price model /
_cXinrui Wang, Jiuxia Sun, and Haizhen Wen.
260 _aAmsterdam ;
_bElsevier ,
_cMay 2019.
300 _aVolume 79, pages 140-147 :
_billustration ;
_c28 cm.
500 _aInternational Journal of Hospitality Management, vol. 79, pages 140-147, May 2019.
650 0 _aHedonic price model.
_968894
650 0 _aQuantile regression.
_968895
650 0 _aTourism seasonality.
_968896
700 _aWang, Xinrui.
_eauthor.
_959817
700 _aSun, Jiuxia.
_eauthor.
_959818
700 _aWen, Haizhen.
_eauthor.
_959819
942 _2ddc
_cPER
999 _c21183
_d21183